Berlin und die Verbreitung des Naturrechts in Europa. Kultur-und sozialgeschichtliche Studien zu Jean Barbeyracs Pufendorf-Übersetzungen und eine Analyse seiner Leserschaft.
-д хадгалсан:
| Үндсэн зохиолч: | |
|---|---|
| Бусад зохиолчид: | |
| Формат: | Ном |
| Хэвлэсэн: |
Berlin, Deutschland:
Walter de Gruyter & Co.,
1970.
|
| Цуврал: | Veröffentlichungen der Historischen Kommission zu Berlin,
30. |
| Нөхцлүүд: | |
| Шошгууд: |
Шошго нэмэх
Шошго байхгүй, Энэхүү баримтыг шошголох эхний хүн болох!
|
MARC
| LEADER | 00000nam a22000007a 4500 | ||
|---|---|---|---|
| 003 | CL-VaPUC | ||
| 005 | 20230126125627.0 | ||
| 008 | 220810t1970 ||||| |||| 00| 0 eng d | ||
| 999 | |c 438243 |d 438241 | ||
| 040 | |c Pontificia Universidad Católica de Valparaíso | ||
| 082 | 7 | |a 340.112 OTH 1970 |2 22 | |
| 100 | 1 | |a Othmer, Sieglinde C. |e verfasser |9 877140 | |
| 245 | |a Berlin und die Verbreitung des Naturrechts in Europa. |b Kultur-und sozialgeschichtliche Studien zu Jean Barbeyracs Pufendorf-Übersetzungen und eine Analyse seiner Leserschaft. | ||
| 260 | |a Berlin, Deutschland: |b Walter de Gruyter & Co., |c 1970. | ||
| 300 | |a 244 páginas. | ||
| 490 | |a Veröffentlichungen der Historischen Kommission zu Berlin, |v 30. | ||
| 583 | |c 20220810 |k GC | ||
| 600 | 0 | |a Pufendorf, Samuel von, |9 869565 |d 1632-1694 |x Pensamiento jurídico | |
| 650 | |a Derecho natural |9 255041 | ||
| 650 | |a Etica |9 255099 | ||
| 700 | |a Oestreich, Gerhard |e vorwort |9 875336 | ||
| 942 | |2 ddc |c BK | ||
| 952 | |0 0 |1 0 |2 ddc |4 0 |6 340_112000000000000_OTH_1970 |7 1 |8 C_AGB |9 586123 |a BIBDER |b BIBDER |d 2022-08-10 |e Donación |i 5654068 |o 340.112 OTH 1970 |p 5654068 |r 2023-01-25 |t 1 |w 2022-08-10 |y BK_US |k AGB | ||